[Event "Stillwater Winter op"]
[Site "Stillwater"]
[Date "2009.02.15"]
[Round "4"]
[White "Montero, JA."]
[Black "London, Dimitri"]
[Result "0-1"]
[WhiteElo "1823"]
[BlackElo "2418"]
[PlyCount "72"]
[EventDate "2009.02.14"]
[EventType "swiss"]
[EventRounds "7"]
[EventCountry "USA"]
[SourceTitle "CBM 128 Extra"]
[Source "ChessBase"]
[SourceDate "2009.03.05"]
[SourceVersion "2"]
[SourceVersionDate "2009.03.25"]
[SourceQuality "1"]

1. d4 Nf6 2. Nc3 d5 3. e4 dxe4 4. f3 exf3 5. Nxf3 Bg4 6. Bc4 e6 7. 0-0 c6 8. Be3 Bd6 9. Qe1 0-0 10. Bd3 Nbd7 11. Qh4 Bf5 12. Bxf5 exf5 13. Bg5 Be7 14. Ne5 Nxe5 15. dxe5 Nd5 16. Bxe7 Qxe7 17. Qd4 Nxc3 18. Qxc3 g6 19. Rfe1 Rad8 20. Rad1 Rfe8 21. Rxd8 Rxd8 22. Kf1 Qh4 23. h3 Qf4+ 24. Kg1 Rd2 25. Rf1 Qd4+ 26. Qxd4 Rxd4 27. Rf2 Kf8 28. Re2 Ke7 29. Kf2 Ke6 30. Kf3 g5 31. g4 f4 32. h4 h6 33. hxg5 hxg5 34. c3 Rd3+ 35. Ke4 Rd5 36. Rh2 Rxe5+ 0-1

[Event "New York Marshall/Enhance"]
[Site "New York"]
[Date "1994.??.??"]
[Round "5"]
[White "London, Dimitri"]
[Black "Hebert, Jean"]
[Result "1/2-1/2"]
[WhiteElo "2400"]
[BlackElo "2395"]
[PlyCount "106"]
[EventDate "1994.??.??"]
[EventType "tourn"]
[EventRounds "5"]
[EventCountry "USA"]
[SourceTitle "EXT 1997"]
[Source "ChessBase"]
[SourceDate "1996.11.15"]
[SourceVersion "1"]
[SourceVersionDate "1996.11.15"]
[SourceQuality "1"]

1. e4 c5 2. Nf3 Nc6 3. d4 cxd4 4. Nxd4 e5 5. Nb5 d6 6. c4 Be7 7. N1c3 a6 8. Na3 Be6 9. Nc2 Rc8 10. Ne3 Bg5 11. Bd3 g6 12. 0-0 Nf6 13. g3 Bxe3 14. Bxe3 Ng4 15. Bd2 h5 16. h4 f5 17. Bg5 Qb6 18. Nd5 Bxd5 19. cxd5 Nd4 20. Qa4+ Nb5 21. exf5 0-0 22. f6 Nxf6 23. Be3 Nd4 24. Bxg6 Qxb2 25. Rab1 Nf3+ 26. Kg2 Qe2 27. Qd1 Qxd1 28. Rfxd1 Ng4 29. Ba7 Nd4 30. Bxd4 exd4 31. Rb2 Rxf2+ 32. Rxf2 Ne3+ 33. Kh3 Nxd1 34. Rd2 Ne3 35. Bxh5 Rc2 36. Rxd4 Rxa2 37. Rf4 Ra3 38. Bf7+ Kg7 39. Be6 Kg6 40. Rf8 b5 41. Rg8+ Kh6 42. Bf7 Kh7 43. h5 Nf5 44. Rg5 Ne7 45. Rg4 Ra4 46. Be8 Rxg4 47. Kxg4 b4 48. Kg5 b3 49. Ba4 b2 50. Bc2+ Kh8 51. Kf6 Nxd5+ 52. Ke6 Ne3 53. Bd3 Kg7 1/2-1/2

[Event "New York Marshall/Enhance"]
[Site "New York"]
[Date "1994.??.??"]
[Round "1"]
[White "London, Dimitri"]
[Black "Zlotnikov, Mikhail"]
[Result "1/2-1/2"]
[WhiteElo "2400"]
[BlackElo "2390"]
[PlyCount "22"]
[EventDate "1994.??.??"]
[EventType "tourn"]
[EventRounds "5"]
[EventCountry "USA"]
[SourceTitle "EXT 1997"]
[Source "ChessBase"]
[SourceDate "1996.11.15"]
[SourceVersion "1"]
[SourceVersionDate "1996.11.15"]
[SourceQuality "1"]

1. e4 g6 2. d4 Bg7 3. Nc3 d6 4. Nf3 Nf6 5. Be2 0-0 6. 0-0 c6 7. a4 Nbd7 8. Re1 e5 9. h3 Re8 10. Bf1 a5 11. Be3 exd4 1/2-1/2

[Event "New York Marshall/Enhance"]
[Site "New York"]
[Date "1994.??.??"]
[Round "1"]
[White "Mednis, Edmar John"]
[Black "London, Dimitri"]
[Result "1-0"]
[WhiteElo "2420"]
[BlackElo "2400"]
[PlyCount "61"]
[EventDate "1994.??.??"]
[EventType "tourn"]
[EventRounds "5"]
[EventCountry "USA"]
[SourceTitle "EXT 1997"]
[Source "ChessBase"]
[SourceDate "1996.11.15"]
[SourceVersion "1"]
[SourceVersionDate "1996.11.15"]
[SourceQuality "1"]

1. c4 Nf6 2. g3 g6 3. Bg2 d5 4. cxd5 Nxd5 5. Qb3 Nf6 6. Bxb7 Bxb7 7. Qxb7 Nbd7 8. Nf3 Bg7 9. 0-0 0-0 10. d3 Nb6 11. Qc6 Nfd5 12. Nbd2 Qd6 13. Qc2 Qe6 14. a3 f5 15. Nb3 f4 16. Nc5 Qc6 17. Rb1 fxg3 18. hxg3 Nd7 19. Qa4 Qxa4 20. Nxa4 Rab8 21. Bd2 Rb3 22. Rfc1 Rfb8 23. d4 e5 24. dxe5 Nxe5 25. Nd4 R3b7 26. Ne6 Bf6 27. Kg2 Kf7 28. Nec5 Rb5 29. Na6 R8b7 30. Rc2 Nb6 31. N4c5 1-0

[Event "New York ACC"]
[Site "New York"]
[Date "1993.??.??"]
[Round "5"]
[White "London, Dimitri"]
[Black "Bonin, Jay R"]
[Result "1/2-1/2"]
[WhiteElo "2380"]
[BlackElo "2385"]
[PlyCount "92"]
[EventDate "1993.??.??"]
[EventType "tourn"]
[EventRounds "11"]
[EventCountry "USA"]
[EventCategory "3"]
[SourceTitle "EXT 1997"]
[Source "ChessBase"]
[SourceDate "1996.11.15"]
[SourceVersion "1"]
[SourceVersionDate "1996.11.15"]
[SourceQuality "1"]

1. e4 c5 2. Nf3 Nc6 3. d4 cxd4 4. Nxd4 e5 5. Nb5 d6 6. c4 Be7 7. N1c3 a6 8. Na3 Be6 9. Nc2 Rc8 10. Ne3 Nd4 11. Bd3 Bg5 12. 0-0 Nh6 13. b3 0-0 14. Ne2 Nc6 15. h3 g6 16. Kh2 f5 17. f4 Bf6 18. Nc2 Bg7 19. Bb2 Qh4 20. Kg1 Rcd8 21. Qd2 Kh8 22. Ne1 Nf7 23. Nf3 Qe7 24. exf5 gxf5 25. Ng3 d5 26. Bxf5 dxc4 27. Qe3 Nd6 28. Bxe6 exf4 29. Bxg7+ Qxg7 30. Qc5 fxg3 31. Rad1 Ne4 32. Qxc4 Nf2 33. Rxd8 Rxd8 34. Qf4 Nd4 35. Nxd4 Qxd4 36. Qxd4+ Rxd4 37. Rc1 Kg7 38. Kf1 Rd2 39. Bf5 h5 40. Rc2 Rxc2 41. Bxc2 Kf6 42. Ke2 Ke5 43. Ke3 h4 44. b4 b6 45. Bg6 Nd1+ 46. Kd2 Nf2 1/2-1/2

[Event "New York ACC"]
[Site "New York"]
[Date "1993.??.??"]
[Round "8"]
[White "London, Dimitri"]
[Black "Vulicevic, Nenad"]
[Result "1-0"]
[WhiteElo "2380"]
[BlackElo "2320"]
[PlyCount "81"]
[EventDate "1993.??.??"]
[EventType "tourn"]
[EventRounds "11"]
[EventCountry "USA"]
[EventCategory "3"]
[SourceTitle "EXT 1997"]
[Source "ChessBase"]
[SourceDate "1996.11.15"]
[SourceVersion "1"]
[SourceVersionDate "1996.11.15"]
[SourceQuality "1"]

1. e4 c5 2. Nf3 d6 3. d4 cxd4 4. Nxd4 Nf6 5. Nc3 Nc6 6. Be2 e5 7. Nb3 Be7 8. 0-0 Be6 9. Bg5 0-0 10. Qd2 h6 11. Bxf6 Bxf6 12. Rad1 Be7 13. Nd5 Bxd5 14. Qxd5 Qb6 15. c3 Rad8 16. Bc4 Bg5 17. Qd3 Kh8 18. g3 Na5 19. Nxa5 Qxa5 20. Kh1 Qc7 21. Bd5 g6 22. f4 Bf6 23. Qe3 exf4 24. gxf4 b6 25. Qh3 Kh7 26. Rf3 Qe7 27. Rg1 Qd7 28. Qf1 Qe7 29. Rg2 Qc7 30. c4 Qe7 31. Re2 Kg7 32. Qe1 Rde8 33. Qd2 Qd7 34. Ref2 Re7 35. Rg2 Rfe8 36. Qd3 Kh7 37. e5 dxe5 38. fxe5 Bg5 39. h4 Rxe5 40. Rxf7+ Qxf7 41. Bxf7 1-0

[Event "New York ACC"]
[Site "New York"]
[Date "1993.??.??"]
[Round "4"]
[White "Winslow, Elliott C"]
[Black "London, Dimitri"]
[Result "1/2-1/2"]
[WhiteElo "2280"]
[BlackElo "2380"]
[PlyCount "111"]
[EventDate "1993.??.??"]
[EventType "tourn"]
[EventRounds "11"]
[EventCountry "USA"]
[EventCategory "3"]
[SourceTitle "EXT 1997"]
[Source "ChessBase"]
[SourceDate "1996.11.15"]
[SourceVersion "1"]
[SourceVersionDate "1996.11.15"]
[SourceQuality "1"]

1. e4 c5 2. Nf3 d6 3. d4 cxd4 4. Nxd4 Nf6 5. Nc3 Nc6 6. f3 e6 7. Be3 a6 8. Qd2 Nxd4 9. Bxd4 b5 10. 0-0-0 Bb7 11. g4 Rc8 12. h4 Nd7 13. Bd3 Ne5 14. Bxe5 dxe5 15. Nxb5 Be7 16. Qh2 0-0 17. Nc3 Qa5 18. Kd2 Bb4 19. Ke2 Rfd8 20. Kf2 Bxc3 21. bxc3 Rxc3 22. Kg3 f5 23. gxf5 exf5 24. Qd2 Rd4 25. Rb1 Qc7 26. Rxb7 f4+ 27. Kg2 Rcxd3 28. Qxd3 Qxb7 29. Qb3+ Qxb3 30. axb3 Rd2+ 31. Kh3 Rxc2 32. Ra1 h5 33. Rxa6 Rf2 34. Re6 Rxf3+ 35. Kh2 Rxb3 36. Rxe5 g6 37. Re7 Kf8 38. Ra7 Re3 39. Ra8+ Kf7 40. Ra7+ Kf6 41. Ra6+ Ke5 42. Rxg6 Re2+ 43. Kh3 Kxe4 44. Rg5 Kf3 45. Rxh5 Re1 46. Kh2 Kf2 47. Ra5 f3 48. Ra2+ Re2 49. Ra1 Re1 50. Ra2+ Re2 51. Ra1 Rb2 52. Kh3 Ke2 53. Kg3 f2 54. Kg2 Rb8 55. Ra2+ Ke1 56. Ra1+ 1/2-1/2

[Event "World op 19th"]
[Site "Philadelphia"]
[Date "1991.??.??"]
[Round "7"]
[White "London, Dimitri"]
[Black "Savchenko, Stanislav"]
[Result "0-1"]
[WhiteElo "2375"]
[BlackElo "2485"]
[PlyCount "145"]
[EventDate "1991.07.??"]
[EventType "swiss"]
[EventRounds "9"]
[EventCountry "USA"]
[SourceTitle "EXT 2000"]
[Source "ChessBase"]
[SourceDate "1999.11.16"]
[SourceVersion "1"]
[SourceVersionDate "1999.11.16"]
[SourceQuality "1"]

1. Nf3 f5 2. c4 Nf6 3. Nc3 g6 4. g3 Bg7 5. Bg2 0-0 6. 0-0 d6 7. d4 Nc6 8. b3 Ne4 9. Bb2 Nxc3 10. Bxc3 Qe8 11. Qc2 e5 12. dxe5 dxe5 13. Qb2 Qe7 14. Rad1 a5 15. Ne1 e4 16. Bxg7 Qxg7 17. Qxg7+ Kxg7 18. f3 exf3 19. Bxf3 a4 20. Bxc6 bxc6 21. Nd3 axb3 22. axb3 Ra2 23. Rfe1 Re8 24. Kf2 g5 25. Ra1 Rd2 26. Ra7 Re7 27. Ra8 Bd7 28. Ra5 Kf6 29. Nc1 Be8 30. Ra2 Rd4 31. Nd3 Bh5 32. Ra6 Rd6 33. Nb4 Be8 34. Rea1 Kg7 35. R1a2 Rh6 36. Kg1 f4 37. R6a5 Kf6 38. Nd3 fxg3 39. hxg3 Re3 40. Kf2 Re6 41. Kg2 Bg6 42. Nf2 Be4+ 43. Kg1 Rg6 44. Ra7 Rg7 45. Nxe4+ Rxe4 46. R2a6 Re6 47. Kf2 Kf5 48. Kf3 g4+ 49. Kf2 Rge7 50. Ra2 Ke4 51. R7a5 Rf6+ 52. Ke1 Rh6 53. Rg5 Ke3 54. Kf1 Rf6+ 55. Kg1 h5 56. Rxh5 Ref7 57. Ra1 Kxe2 58. Rh2+ Kd3 59. Rh4 Rg7 60. c5 Ke2 61. Rh2+ Ke3 62. b4 Kd4 63. Rd1+ Kc4 64. Rc1+ Kb5 65. Rh8 Rf3 66. Rb8+ Ka4 67. Kg2 Rd7 68. Rc2 Rdd3 69. Rc4 Rxg3+ 70. Kh2 Rh3+ 71. Kg2 Rh7 72. Re4 g3 73. Rg4 0-1

[Event "New York op"]
[Site "New York"]
[Date "1989.??.??"]
[Round "6"]
[White "Campora, Daniel Hugo"]
[Black "London, Dimitri"]
[Result "1-0"]
[WhiteElo "2500"]
[BlackElo "2380"]
[PlyCount "65"]
[EventDate "1989.03.??"]
[EventType "swiss"]
[EventRounds "9"]
[EventCountry "USA"]
[SourceTitle "CBM 012"]
[Source "ChessBase"]
[SourceDate "1989.10.01"]
[SourceVersion "1"]
[SourceVersionDate "1989.10.01"]
[SourceQuality "1"]

1. e4 e5 2. Nf3 Nc6 3. Bb5 a6 4. Ba4 Nf6 5. 0-0 Be7 6. Re1 b5 7. Bb3 0-0 8. c3 d6 9. h3 Bb7 10. d4 Re8 11. Nbd2 Bf8 12. a3 Nb8 13. Bc2 Nbd7 14. b4 h6 15. Bb2 a5 16. Bd3 c6 17. Qc2 Qb8 18. Nb3 axb4 19. cxb4 exd4 20. Nbxd4 c5 21. Nxb5 Nxe4 22. Bxe4 Bxe4 23. Rxe4 Qxb5 24. a4 Qb7 25. Rxe8 Rxe8 26. bxc5 Nxc5 27. a5 Qa6 28. Bd4 Re2 29. Qd1 Ne6 30. Be3 Be7 31. Nd4 Nc5 32. Qf1 Bf6 33. Rb1 1-0

[Event "New York op"]
[Site "New York"]
[Date "1989.??.??"]
[Round "4"]
[White "London, Dimitri"]
[Black "Alburt, Lev O"]
[Result "1/2-1/2"]
[WhiteElo "2380"]
[BlackElo "2520"]
[PlyCount "134"]
[EventDate "1989.03.??"]
[EventType "swiss"]
[EventRounds "9"]
[EventCountry "USA"]
[SourceTitle "CBM 012"]
[Source "ChessBase"]
[SourceDate "1989.10.01"]
[SourceVersion "1"]
[SourceVersionDate "1989.10.01"]
[SourceQuality "1"]

1. e4 Nf6 2. e5 Nd5 3. d4 d6 4. Nf3 g6 5. Bc4 Nb6 6. Bb3 Bg7 7. Ng5 e6 8. Qf3 Qe7 9. Ne4 dxe5 10. Bg5 Qb4+ 11. c3 Qa5 12. Nf6+ Kf8 13. d5 e4 14. Qg3 Na6 15. dxe6 Bxe6 16. Bxe6 h6 17. Qf4 fxe6 18. Nd5+ Kg8 19. Ne7+ Kh7 20. h4 Nd5 21. Qxe4 Nxe7 22. Bxe7 Rhe8 23. Ba3 Qd5 24. Nd2 h5 25. 0-0-0 Bh6 26. Kc2 Qf5 27. f3 Rad8 28. Rhe1 Kg7 29. g4 hxg4 30. fxg4 Rxd2+ 31. Rxd2 Qxe4+ 32. Rxe4 Bxd2 33. Kxd2 e5 34. Re1 Nb8 35. Ke3 Rd8 36. Be7 Rd5 37. Rf1 Nd7 38. Rf2 Nb6 39. b3 Rd1 40. c4 Re1+ 41. Re2 Rd1 42. Rd2 Rxd2 43. Kxd2 Nd7 44. Ke3 Kf7 45. Bd8 c6 46. h5 gxh5 47. gxh5 Ke6 48. h6 Nf8 49. Ke4 Nh7 50. Bh4 Nf8 51. Bg5 Nh7 52. Bd8 Kd7 53. Bh4 Ke6 54. a4 Nf8 55. Bd8 Nh7 56. a5 Kd7 57. Bh4 Ke6 58. Bd8 Kd7 59. Bh4 Ke6 60. a6 bxa6 61. Bf2 Nf6+ 62. Kd3 Kf5 63. Bxa7 Kg6 64. Be3 a5 65. Bd2 Nd7 66. Be3 Nf6 67. Bd2 Nd7 1/2-1/2

[Event "New York op"]
[Site "New York"]
[Date "1989.??.??"]
[Round "5"]
[White "London, Dimitri"]
[Black "Olafsson, Helgi"]
[Result "0-1"]
[WhiteElo "2380"]
[BlackElo "2520"]
[PlyCount "89"]
[EventDate "1989.03.??"]
[EventType "swiss"]
[EventRounds "9"]
[EventCountry "USA"]
[SourceTitle "CBM 012"]
[Source "ChessBase"]
[SourceDate "1989.10.01"]
[SourceVersion "1"]
[SourceVersionDate "1989.10.01"]
[SourceQuality "1"]

1. e4 c5 2. Nf3 d6 3. d4 cxd4 4. Nxd4 Nf6 5. Nc3 a6 6. Be2 e6 7. 0-0 Be7 8. f4 0-0 9. Kh1 Qc7 10. Qe1 b5 11. Bf3 Bb7 12. e5 Ne8 13. f5 dxe5 14. fxe6 Bxf3 15. exf7+ Rxf7 16. Nxf3 Nd7 17. Be3 Nd6 18. Rd1 Qc6 19. Nd5 Bf8 20. c3 Re8 21. Ng5 Rxf1+ 22. Qxf1 h6 23. Nf3 e4 24. Ne1 Nc4 25. Bc1 Nce5 26. Nf4 Nc5 27. Ne2 Ncd3 28. Nxd3 Nxd3 29. Nf4 Nxc1 30. Rxc1 Bd6 31. Ne2 Rf8 32. Qe1 e3 33. Nd4 Qe4 34. Rc2 Qh4 35. g3 Qe4+ 36. Kg1 Bc5 37. Re2 Bxd4 38. cxd4 Qxd4 39. Kg2 Qd5+ 40. Kg1 Qxa2 41. Rxe3 Qxb2 42. Re6 Qd4+ 43. Kg2 Qd5+ 44. Kg1 a5 45. Re7 0-1

[Event "New York op"]
[Site "New York"]
[Date "1989.??.??"]
[Round "3"]
[White "Seirawan, Yasser"]
[Black "London, Dimitri"]
[Result "1-0"]
[WhiteElo "2610"]
[BlackElo "2380"]
[PlyCount "69"]
[EventDate "1989.03.??"]
[EventType "swiss"]
[EventRounds "9"]
[EventCountry "USA"]
[SourceTitle "CBM 012"]
[Source "ChessBase"]
[SourceDate "1989.10.01"]
[SourceVersion "1"]
[SourceVersionDate "1989.10.01"]
[SourceQuality "1"]

1. c4 Nf6 2. Nc3 d5 3. cxd5 Nxd5 4. g3 g6 5. Bg2 Nb6 6. d3 Bg7 7. Be3 Nc6 8. Bxc6+ bxc6 9. Qc1 c5 10. Bxc5 Bb7 11. f3 Qd7 12. h4 Be5 13. Kf2 0-0-0 14. Nh3 h6 15. a4 Qf5 16. Qe3 g5 17. g4 Qf6 18. hxg5 hxg5 19. Qxg5 Bd4+ 20. Bxd4 Qxd4+ 21. Qe3 Qf6 22. Ng5 Rdg8 23. Nge4 Qe5 24. Ng3 Qf6 25. Nge4 Qe5 26. Qc5 Qf4 27. Qf5+ Qxf5 28. gxf5 a5 29. Nc5 Bc6 30. Rag1 Kb8 31. Rxg8+ Rxg8 32. Rh7 Rf8 33. e4 Ka7 34. b3 Nc8 35. Rh6 1-0

[Event "New York op"]
[Site "New York"]
[Date "1987.??.??"]
[Round "?"]
[White "Csom, Istvan"]
[Black "London, Dimitri"]
[Result "1/2-1/2"]
[WhiteElo "2485"]
[BlackElo "2420"]
[PlyCount "113"]
[EventDate "1987.??.??"]
[EventType "swiss"]
[EventRounds "11"]
[EventCountry "USA"]
[SourceTitle "CBM 002"]
[Source "ChessBase"]
[SourceDate "1988.02.01"]
[SourceVersion "1"]
[SourceVersionDate "1988.02.01"]
[SourceQuality "1"]

1. Nf3 Nf6 2. g3 g6 3. Bg2 Bg7 4. 0-0 0-0 5. d4 d5 6. Nbd2 Nc6 7. b3 e5 8. dxe5 Ng4 9. Bb2 Ngxe5 10. Qc1 Bf5 11. Nxe5 Nxe5 12. c4 c6 13. Bd4 dxc4 14. Qc3 Qd6 15. Nxc4 Qxd4 16. Qxd4 Nf3+ 17. Bxf3 Bxd4 18. Rad1 Rad8 19. Kg2 Bc5 20. Rc1 Be7 21. Rfd1 Kg7 22. h3 Be6 23. e3 Bb4 24. h4 Kf6 25. e4 Ke7 26. Be2 Rxd1 27. Rxd1 Rd8 28. Rxd8 Kxd8 29. f4 f5 30. Bd3 fxe4 31. Bxe4 a5 32. Ne3 a4 33. Bc2 Ke7 34. Kf3 Kd6 35. f5 gxf5 36. Nxf5+ Ke5 37. Ne3 h5 38. bxa4 Bxa2 39. Bg6 Bb3 40. Bxh5 Bxa4 41. Bf7 Be7 42. h5 Kf6 43. Be8 Kg5 44. h6 Bf6 45. h7 Bb3 46. Bd7 Bf7 47. Ke4 Bg7 48. g4 Bh8 49. Kd3 Ba2 50. Nc4 Kf6 51. Na5 Bb1+ 52. Kd2 b6 53. Nxc6 Bxh7 54. Kc3 Bg7 55. Kc4 Bf8 56. Bf5 Bxf5 57. gxf5 1/2-1/2

[Event "New York op"]
[Site "New York"]
[Date "1987.??.??"]
[Round "?"]
[White "London, Dimitri"]
[Black "Gurevich, Dmitry"]
[Result "0-1"]
[WhiteElo "2420"]
[BlackElo "2535"]
[PlyCount "138"]
[EventDate "1987.??.??"]
[EventType "swiss"]
[EventRounds "11"]
[EventCountry "USA"]
[SourceTitle "CBM 002"]
[Source "ChessBase"]
[SourceDate "1988.02.01"]
[SourceVersion "1"]
[SourceVersionDate "1988.02.01"]
[SourceQuality "1"]

1. e4 c5 2. Nf3 d6 3. d4 cxd4 4. Nxd4 Nf6 5. Nc3 Nc6 6. Be2 g6 7. Nb3 Bg7 8. 0-0 0-0 9. Bg5 a6 10. f4 Bd7 11. Bf3 Rc8 12. Kh1 b5 13. Re1 h6 14. Bh4 b4 15. Nd5 Nh7 16. Rb1 Re8 17. Bf2 Rb8 18. e5 e6 19. Nb6 Rxb6 20. Qxd6 Re7 21. Na5 Rb8 22. Nxc6 Bxc6 23. Bxc6 Bf8 24. Qxd8 Rxd8 25. Bc5 Rc7 26. Bb6 Rxc6 27. Bxd8 Rxc2 28. Rec1 Rf2 29. g3 g5 30. h4 Kg7 31. fxg5 hxg5 32. hxg5 Kg6 33. Rc4 Re2 34. Rf4 Rxe5 35. Rbf1 Rd5 36. Bf6 a5 37. b3 Bc5 38. Rc4 Nxg5 39. Bxg5 Rxg5 40. Kg2 f6 41. Rd1 Kf7 42. Rd7+ Kg6 43. Kh3 Re5 44. Rg4+ Kf5 45. Rf4+ Kg6 46. Rg4+ Kf5 47. Rc4 Be3 48. Kg2 Bg5 49. Kf2 Kg6 50. Rc2 Kf5 51. Rd3 Rb5 52. Kf3 Kg6 53. Re2 e5 54. g4 Rc5 55. Ke4 Rc1 56. Rg2 Re1+ 57. Kd5 e4 58. Rd4 e3 59. Re4 Rf1 60. Rd4 Rf2 61. Rxf2 exf2 62. Rd1 f5 63. gxf5+ Kxf5 64. Rf1 Bh4 65. a3 bxa3 66. b4 axb4 67. Kc4 Ke4 68. Kxb4 Be7+ 69. Kb3 Ke3 0-1

[Event "US Open-87"]
[Site "Somerset"]
[Date "1986.??.??"]
[Round "12"]
[White "Shipman, Walter"]
[Black "London, Dimitri"]
[Result "1-0"]
[WhiteElo "2462"]
[BlackElo "2420"]
[PlyCount "105"]
[EventDate "1986.08.03"]
[EventType "swiss"]
[EventRounds "12"]
[EventCountry "USA"]
[SourceTitle "EXT 2013"]
[Source "ChessBase"]
[SourceDate "2012.11.22"]
[SourceVersion "1"]
[SourceVersionDate "2012.11.22"]
[SourceQuality "1"]

1. d4 Nf6 2. g3 c5 3. d5 d6 4. Nc3 g6 5. Bg2 Bg7 6. a4 0-0 7. e4 Na6 8. Nge2 Nc7 9. h3 e6 10. dxe6 Bxe6 11. Be3 Re8 12. 0-0 b6 13. Nf4 Bc4 14. Re1 Ne6 15. Nxe6 Rxe6 16. Qd2 Qe8 17. e5 dxe5 18. Bxa8 Qxa8 19. Bh6 Bh8 20. b3 Ba6 21. Rad1 Re8 22. Nb5 Qc6 23. Qd6 Bb7 24. Qxc6 Bxc6 25. Nxa7 Be4 26. Rd2 Bf3 27. Rd6 e4 28. Nc6 Bg7 29. Bg5 Nh5 30. g4 h6 31. Be3 Nf6 32. Rd8 Rxd8 33. Nxd8 Nd5 34. Nc6 Bc3 35. Rb1 f5 36. gxf5 gxf5 37. a5 bxa5 38. Bxc5 f4 39. Bd4 e3 40. fxe3 fxe3 41. Ne7+ Kh7 42. Bxc3 Nxc3 43. Re1 e2 44. Kf2 Be4 45. Ra1 Bxc2 46. Rc1 Nd1+ 47. Kxe2 Bxb3 48. Rc7 Kg7 49. Nc6+ Kf6 50. Nxa5 Ba4 51. Rc1 Nb2 52. Rb1 Nd1 53. Kd2 1-0

[Event "New York Manhattan"]
[Site "New York"]
[Date "1985.10.02"]
[Round "3"]
[White "London, Dimitri"]
[Black "Taylor, Timothy"]
[Result "1-0"]
[WhiteElo "2375"]
[BlackElo "2480"]
[PlyCount "143"]
[EventDate "1985.09.30"]
[EventType "tourn"]
[EventRounds "9"]
[EventCountry "USA"]
[EventCategory "9"]
[SourceTitle "MCD"]
[Source "ChessBase"]
[SourceDate "1999.07.01"]
[SourceVersion "1"]
[SourceVersionDate "1999.07.01"]
[SourceQuality "1"]

1. e4 c5 2. Nf3 Nc6 3. d4 cxd4 4. Nxd4 g6 5. Nc3 Bg7 6. Be3 Nf6 7. Be2 0-0 8. 0-0 d5 9. exd5 Nxd5 10. Nxd5 Nxd4 11. Bc4 Nc6 12. Bg5 Be6 13. Re1 Re8 14. c3 h6 15. Bh4 g5 16. Bg3 Na5 17. Bc7 Nxc4 18. Bxd8 Raxd8 19. Nxe7+ Kf8 20. Qb3 Rxe7 21. Rxe6 Nd2 22. Rxe7 Nxb3 23. Rae1 Nc5 24. Rc7 Nd3 25. Rd1 b5 26. Rxa7 b4 27. cxb4 Bd4 28. Rc7 Re8 29. Rd7 Re4 30. g3 Bxf2+ 31. Kf1 Nxb2 32. R1d2 Be1 33. Rxb2 Bxb4 34. Re2 Rc4 35. Rf2 Be7 36. Ra7 Rc1+ 37. Kg2 g4 38. a4 Ra1 39. Rc2 Bf6 40. Ra8+ Kg7 41. Kf2 h5 42. Ke3 Ra3+ 43. Ke4 Bc3 44. Rf2 Kg6 45. Kd5 Ra1 46. Rc8 Rd1+ 47. Kc4 Be5 48. Rc6+ f6 49. a5 Ra1 50. a6 h4 51. gxh4 Kh5 52. Rcxf6 Bxf6 53. Rxf6 Ra2 54. Kb3 Ra5 55. Kb4 Ra2 56. Rf5+ Kxh4 57. Ra5 Rb2+ 58. Kc3 Rb8 59. a7 Ra8 60. Kd4 Kh3 61. Ra2 Rd8+ 62. Kc5 Rc8+ 63. Kb6 Rf8 64. Rb2 Rf6+ 65. Kb7 Rf7+ 66. Ka6 Rf8 67. Rb8 Rf6+ 68. Rb6 Rf8 69. Rh6+ Kg2 70. Kb7 Rf7+ 71. Kb6 Rf8 72. Rh7 1-0

[Event "New York Manhattan"]
[Site "New York"]
[Date "1985.10.01"]
[Round "2"]
[White "Dlugy, Maxim"]
[Black "London, Dimitri"]
[Result "1-0"]
[WhiteElo "2485"]
[BlackElo "2375"]
[PlyCount "51"]
[EventDate "1985.09.30"]
[EventType "tourn"]
[EventRounds "9"]
[EventCountry "USA"]
[EventCategory "9"]
[SourceTitle "MCD"]
[Source "ChessBase"]
[SourceDate "1999.07.01"]
[SourceVersion "1"]
[SourceVersionDate "1999.07.01"]
[SourceQuality "1"]

1. d4 Nf6 2. c4 g6 3. Nc3 d5 4. Nf3 Bg7 5. Bf4 0-0 6. Rc1 c5 7. dxc5 dxc4 8. Qxd8 Rxd8 9. e3 Na6 10. c6 bxc6 11. Bxc4 Nb4 12. Bc7 Nd3+ 13. Bxd3 Rxd3 14. Be5 Ba6 15. 0-0 Rd7 16. Rfd1 Rad8 17. Rxd7 Rxd7 18. h3 Bf8 19. Nd4 Rb7 20. Na4 Nd7 21. Rxc6 Bd3 22. Bg3 e5 23. Rc3 Bb1 24. Nc6 f6 25. a3 Kf7 26. Nd8+ 1-0

[Event "WchT U26 05th Group2"]
[Site "Mendoza"]
[Date "1985.08.??"]
[Round "4"]
[White "Ebeling, Mika"]
[Black "London, Dimitri"]
[Result "1/2-1/2"]
[WhiteElo "2295"]
[BlackElo "2375"]
[PlyCount "90"]
[EventDate "1985.08.11"]
[EventType "team-tourn"]
[EventRounds "9"]
[EventCountry "ARG"]
[SourceTitle "EXT 2020"]
[Source "ChessBase"]
[SourceDate "2019.10.17"]
[SourceVersion "1"]
[SourceVersionDate "2019.10.17"]
[SourceQuality "1"]
[WhiteTeam "Finland"]
[BlackTeam "United States"]
[WhiteTeamCountry "FIN"]
[BlackTeamCountry "USA"]

1. e4 e5 2. Nf3 Nc6 3. d4 exd4 4. c3 d5 5. exd5 Qxd5 6. cxd4 Nf6 7. Nc3 Bb4 8. Be2 0-0 9. 0-0 Qd8 10. a3 Be7 11. d5 Nb8 12. Bf4 Nbd7 13. Qd4 Nb6 14. Rfd1 Bg4 15. Rac1 Rc8 16. h3 Bh5 17. Kh1 h6 18. g4 Bg6 19. Ne5 Bh7 20. Bg3 Nfd7 21. Nxd7 Qxd7 22. Bb5 Qd8 23. d6 cxd6 24. Bxd6 Bxd6 25. Qxd6 Qg5 26. Bd3 Bxd3 27. Qxd3 Rfd8 28. Qf3 Nd5 29. Ne2 Qf6 30. Qxf6 Nxf6 31. Rxc8 Rxc8 32. Nc3 Kf8 33. Kg2 Ke7 34. Kf3 a6 35. Rd4 Rc6 36. Rb4 b6 37. Rd4 b5 38. Ke3 Re6+ 39. Kd2 Rc6 40. Kd3 Rc8 41. a4 bxa4 42. Rxa4 Rc6 43. b4 Ke6 44. b5 axb5 45. Nxb5 Nd7 1/2-1/2

[Event "WchT U26 05th final A"]
[Site "Mendoza"]
[Date "1985.08.??"]
[Round "2"]
[White "London, Dimitri"]
[Black "Belkhodja, Slim"]
[Result "1-0"]
[WhiteElo "2375"]
[BlackElo "2385"]
[PlyCount "51"]
[EventDate "1985.08.??"]
[EventType "team-tourn"]
[EventRounds "3"]
[EventCountry "ARG"]
[SourceTitle "EXT 2020"]
[Source "ChessBase"]
[SourceDate "2019.10.17"]
[SourceVersion "1"]
[SourceVersionDate "2019.10.17"]
[SourceQuality "1"]
[WhiteTeam "United States"]
[BlackTeam "France"]
[WhiteTeamCountry "USA"]
[BlackTeamCountry "FRA"]

1. e4 c5 2. Nf3 e6 3. d4 cxd4 4. Nxd4 Nf6 5. Nc3 d6 6. Be3 Nc6 7. Bc4 Be7 8. Qe2 0-0 9. 0-0-0 d5 10. Bb3 Bb4 11. Ndb5 a6 12. exd5 exd5 13. Nxd5 Nxd5 14. Rxd5 Qe7 15. Nd4 Nxd4 16. Rxd4 Bc5 17. Rc4 Bd6 18. Qh5 Qe5 19. Qxe5 Bxe5 20. Rd1 Re8 21. h3 Bf5 22. Rc5 Bg6 23. Rd7 b5 24. Rc6 Rec8 25. Rxc8+ Rxc8 26. Ra7 1-0